Open Data Biblioteca Nacional de Portugal


República Portuguesa: Ministério da Cultura
Biblioteca Nacional de Portugal

Catálogo da BNP: acesso por Identificadores Unívocos
Registos Bibliográficos associados ao registo de autoridade

Etiqueta de registo: 00230nam 2200025 450
001 2112810
003 http://id.bnportugal.gov.pt/bib/catbnp/2112810
010 ## $a978-989-53352-1-3
021 ## $aPT$b501606/22
100 ## $a20221020d2022 bc y0pory01030103ba
101 0# $apor
102 ## $aPT
105 ## $aa z 000yy
106 ## $ar
200 1# $aHistórias da Ajudaris, escritas por jovens autores em Monchique$eanimais 1$fpref. Paulo Alves$gil. Adriana Sousa... [et al.]
210 #9 $aPorto$cAjudaris,$dD.L. 2022
215 ## $a120 p.$cil.$d16 cm
675 ## $a371.38$vBN$zpor$3306972
675 ## $a373.32/.33(469.601)$vBN$zpor$31507127
702 #1 $94$aAlves,$bPaulo$4080$31861805
702 #1 $aSousa,$bAdriana$4440$31861806
801 #0 $aPT$bBN$gRPC
856 41 $uhttp://rnod.bnportugal.gov.pt/ImagesBN/winlibimg.aspx?skey=&doc=2112810&img=170538&save=true
900 ## $aBIBNAC$d20221209
966 ## $lBN$mFGMON$sS.C. 45738 P.$x1
966 ## $lBN$mFGMON$sS.C. 45738 P.-D$x1
971 ## $carosa$d20221020
972 ## $e0$z0$d20221209$viquintas
973 ## $caalmeid$d20221021

Etiqueta de registo: 00000nkm 2200025 450
001 2265918
003 http://id.bnportugal.gov.pt/bib/catbnp/2265918
100 ## $a20260212d1993 m y0pory01030103ba
101 0# $apor
102 ## $aPT
200 1# $a O quotidiano na história portuguesa, encontro internacional, Faculdade de Ciências Sociais e Humanas da Universidade Nova de Lisboa, 22 a 24 de abril 1993$bVisual gráfico]$fFaculdade de Ciências Sociais e Humanas da Universidade Nova de Lisboa, Departamento de História$gdesign Adriana de Sousa
210 #9 $aLisboa$cFaculdade de Ciências Sociais e Humanas da Universidade Nova de Lisboa,$d1993$eLisboa :$gGuide, Artes Gráficas )
215 ## $a1 cartaz$ccolor.$d60,5x43cm
317 ## $aColeção Madeira Luís
675 ## $a766(=1:469)"199"(084.5)$vBN$zpor$3589138
702 #1 $aSousa,$bAdriana$4410$31861806
710 02 $aFaculdade de Ciências Sociais e Humanas da Universidade Nova de Lisboa$320138
801 #0 $aPT$bBN$gRPC
966 ## $lBN$mICONOG$sCT. 20866 A.$x3
971 ## $cCaticonografia1$d20260212
972 ## $d20260529$e2$vtoliveira$z0
995 ## $aPRR2026 $d20260212$iCaticonografia1

OpendataBNP@bnportugal.pt | Mais informação sobre acesso aos dados BNP